000 00461nam a2200181Ia 4500
001 18489
005 20260306171634.0
008 260306s9999||||xx |||||||||||||| ||und||
041 _aESP
082 _a658.406
_bH19
100 _aHammer, Michael
_eAUT
245 0 _aLa agenda:
_blo que toda empresa debe hacer para dominar la década
260 _c2006
300 _a287 páginas :
_c23 cm.
650 _aGEN
654 _aCAN
942 _cLIB
_dJUS
_fJUS
_2ddc
_n
999 _c18489
_d18489